हिमाचल की लोक संस्कृति / (Record no. 200465)

MARC details
000 -LEADER
fixed length control field 01066nam a22001937a 4500
005 - DATE AND TIME OF LATEST TRANSACTION
control field 20240215112215.0
010 ## - LCCN (DPL NO)
LC control number B-757489-495
020 ## - INTERNATIONAL STANDARD BOOK NUMBER
Terms of availability 250.000
International Standard Book Number 9788196398989
035 ## - SYSTEM CONTROL NUMBER
System control number B-757489-495
037 ## - SOURCE OF ACQUISITION
Source of stock number/acquisition अतुल्य प्रकाशन
082 ## - DEWEY DECIMAL CLASSIFICATION NUMBER
Classification number 398.2095415
100 ## - MAIN ENTRY--PERSONAL NAME
Personal name घुना, श्याम सिंह
245 ## - TITLE STATEMENT
Title हिमाचल की लोक संस्कृति /
Statement of responsibility, etc श्याम सिंह घुना
260 ## - PUBLICATION, DISTRIBUTION, ETC. (IMPRINT)
Place of publication, distribution, etc दिल्ली
Name of publisher, distributor, etc अतुल्य प्रकाशन
Date of publication, distribution, etc 2023
270 ## - ADDRESS
Address सी-5/एफ-2, ईस्ट ज्योति नगर
City दिल्ली
Postal code 110032
300 ## - PHYSICAL DESCRIPTION
Extent 62 पृ..
Dimensions 22सेमी (सजिल्द)
942 ## - ADDED ENTRY ELEMENTS (KOHA)
Source of classification or shelving scheme Dewey Decimal Classification
Item type Hindi Books
Classification part 398.2095415
Call number suffix घुनाश्य
Holdings
Withdrawn status Lost status Not for loan Collection code Home library Current library Date acquired Source of acquisition Cost, normal purchase price Full call number Barcode Copy number Cost, replacement price Koha item type
      Non-fiction Ashok Vihar Ashok Vihar 15/02/2024 अतुल्य प्रकाशन/ATP-33/2023-24/22.12.23/65/12.12.23/16.1.24 250.00 398.2095415 घुनाश्य B-757490 1 250.00 Hindi Books
      Non-fiction Bawana Bawana 15/02/2024 अतुल्य प्रकाशन/ATP-33/2023-24/22.12.23/65/12.12.23/16.1.24 250.00 398.2095415 घुनाश्य B-757493 1 250.00 Hindi Books
      Non-fiction Central Library Central Library 15/02/2024 अतुल्य प्रकाशन/ATP-33/2023-24/22.12.23/65/12.12.23/16.1.24 250.00 398.2095415 घुनाश्य B-757489 1 250.00 Hindi Books
      Non-fiction Patel Nagar Patel Nagar 15/02/2024 अतुल्य प्रकाशन/ATP-33/2023-24/22.12.23/65/12.12.23/16.1.24 250.00 398.2095415 घुनाश्य B-757491 1 250.00 Hindi Books
      Non-fiction RC3 Jwala Puri RC3 Jwala Puri 15/02/2024 अतुल्य प्रकाशन/ATP-33/2023-24/22.12.23/65/12.12.23/16.1.24 250.00 398.2095415 घुनाश्य B-757495 1 250.00 Hindi Books
      Non-fiction Sarojini Nagar Sarojini Nagar 15/02/2024 अतुल्य प्रकाशन/ATP-33/2023-24/22.12.23/65/12.12.23/16.1.24 250.00 398.2095415 घुनाश्य B-757492 1 250.00 Hindi Books
      Non-fiction Shahdara Branch Shahdara Branch 15/02/2024 अतुल्य प्रकाशन/ATP-33/2023-24/22.12.23/65/12.12.23/16.1.24 250.00 398.2095415 घुनाश्य B-757494 1 250.00 Hindi Books

© Delhi Public Library
Hit Counter
free hit counter